Statistiques concernant Italien - Verbe irrégulier (Volere)

Cliquez ici pour prendre le quiz!

Statistiques générales

  • Ce quiz a été pris 10 fois
  • Le résultat moyen est 21 sur 49

Statistiques - réponses

Tempo - PersonaConiugazione% Correct
iovoglio
88%
tuvuoi
88%
noivogliamo
75%
lorovogliono
75%
lui/leivuole
75%
voivolete
63%
lui/leivoleva
63%
noivolevamo
63%
lorovolevano
63%
voivolevate
63%
tuvolevi
63%
iovolevo
63%
io (maschile)voluto
50%
lui/leivorrà
50%
tuvorrai
50%
lorovorranno
50%
lui/leivorrebbe
50%
lorovorrebbero
50%
iovorrei
50%
noivorremmo
50%
voivorreste
50%
tuvorresti
50%
voivorrete
50%
iovorrò
50%
tuvogli
38%
iovoglia
38%
lui/leivoglia
38%
lui/leivoglia
38%
tuvoglia
38%
noivogliamo
38%
noivogliamo
38%
lorovogliano
38%
voivogliate
38%
noivorremo
38%
lorovogliano
25%
voivogliate
25%
io (maschile)volendo
25%
lui/leivolesse
25%
lorovolessero
25%
tuvolessi
25%
iovolessi
25%
noivolessimo
25%
voivoleste
25%
noivolemmo
13%
voivoleste
13%
tuvolesti
13%
lui/leivolle
13%
lorovollero
13%
iovolli
13%

Distribution des résultats

Percentile par nombre de réponses

% des personnes avec chaque résultat

Votre développement - résultats

Vous n’avez pas pris ce quiz